[Event "Puhajarve rap op 19th"]
[Site "Puhajarve"]
[Date "2018.11.24"]
[Round "28"]
[White "Ladva, Ottomar"]
[Black "Vaganian, Rafael A"]
[Result "1/2-1/2"]
[WhiteElo "2497"]
[BlackElo "2546"]
[PlyCount "74"]
[EventDate "2018.11.23"]
[EventType "tourn (rapid)"]
[EventRounds "35"]
[EventCountry "EST"]
[SourceTitle "CBM 187 Extra"]
[Source "ChessBase"]
[SourceDate "2018.11.04"]
[SourceVersion "1"]
[SourceVersionDate "2018.11.04"]
[SourceQuality "1"]

1. Nf3 Nf6 2. g3 d5 3. Bg2 c6 4. c4 e6 5. d4 Be7 6. 0-0 0-0 7. Nc3 b6 8. Ne5 Bb7 9. e4 Nbd7 10. Nxc6 Bxc6 11. exd5 exd5 12. cxd5 Bb7 13. d6 Bxg2 14. dxe7 Qxe7 15. Kxg2 Rfe8 16. Qf3 Qb4 17. Rd1 Rad8 18. Rb1 Nf8 19. Bg5 Rd6 20. Bxf6 Rxf6 21. Nd5 Rxf3 22. Nxb4 Rf6 23. Rd2 Rd8 24. Rc1 Rfd6 25. Nc6 R8d7 26. b4 f6 27. b5 Ne6 28. d5 Nc7 29. Nxa7 Nxd5 30. Nc8 Ne3+ 31. Kf3 Rxd2 32. Nxb6 Rb7 33. Kxe3 Rxa2 34. Rc8+ Kf7 35. Nc4 Ke6 36. b6 Rc2 37. g4 Rxc4 1/2-1/2

[Event "Puhajarve rap op 19th"]
[Site "Puhajarve"]
[Date "2018.11.23"]
[Round "5"]
[White "Valgmae, Toomas"]
[Black "Ladva, Ottomar"]
[Result "0-1"]
[WhiteElo "2270"]
[BlackElo "2497"]
[PlyCount "44"]
[EventDate "2018.11.23"]
[EventType "tourn (rapid)"]
[EventRounds "35"]
[EventCountry "EST"]
[SourceTitle "CBM 187 Extra"]
[Source "ChessBase"]
[SourceDate "2018.11.04"]
[SourceVersion "1"]
[SourceVersionDate "2018.11.04"]
[SourceQuality "1"]

1. d4 Nf6 2. c4 e6 3. Nf3 d5 4. Nc3 a6 5. a4 Bb4 6. Qb3 c5 7. Bg5 Nc6 8. e3 0-0 9. 0-0-0 cxd4 10. Nxd4 Bxc3 11. Qxc3 Bd7 12. c5 Ne4 13. Bxd8 Nxc3 14. bxc3 Rfxd8 15. Nxc6 Bxc6 16. a5 Rac8 17. Rd4 Be8 18. Rb4 Rd7 19. Kd2 Rxc5 20. Bd3 Rxa5 21. Rb6 Ra2+ 22. Bc2 Rc7 0-1

[Event "Olympiad-43"]
[Site "Batumi"]
[Date "2018.09.28"]
[Round "5.12"]
[White "Ladva, Ottomar"]
[Black "Tabatabaei, Mohammad Amin"]
[Result "0-1"]
[WhiteElo "2500"]
[BlackElo "2576"]
[PlyCount "86"]
[EventDate "2018.09.24"]
[EventType "team-swiss"]
[EventRounds "11"]
[EventCountry "GEO"]
[SourceTitle "CBM 187"]
[Source "ChessBase"]
[SourceDate "2018.12.11"]
[SourceVersion "1"]
[SourceVersionDate "2018.12.11"]
[SourceQuality "1"]
[WhiteTeam "Estonia"]
[BlackTeam "Iran"]
[WhiteTeamCountry "EST"]
[BlackTeamCountry "IRI"]

1. d4 g6 2. e4 Bg7 3. Nc3 d6 4. Be3 a6 5. Qd2 b5 6. 0-0-0 Nf6 7. f3 b4 8. Nce2 a5 9. Bh6 Bxh6 10. Qxh6 Nc6 11. Nf4 Bd7 12. Bb5 Qb8 13. Bxc6 Bxc6 14. Nge2 a4 15. Kb1 Qb5 16. d5 Bb7 17. Rd4 Ba6 18. Nd3 b3 19. Nc3 bxc2+ 20. Ka1 Qb7 21. Nb4 Qb6 22. Nxc2 a3 23. b3 c6 24. Qe3 0-0 25. Rb4 Qc7 26. Qb6 Qxb6 27. Rxb6 cxd5 28. Nxd5 Nxd5 29. exd5 Bc8 30. Nb4 Re8 31. Rc1 Kf8 32. g4 h5 33. g5 h4 34. Rc4 h3 35. Kb1 e6 36. Rh4 exd5 37. Rh8+ Kg7 38. Rxe8 Bf5+ 39. Kc1 Rxe8 40. Nxd5 Re2 41. Nf6 Rxh2 42. Kd1 Rc2 43. Rb4 Rc8 0-1